[Event "Guernsey Open 2013"]
[Site "Guernsey GCI"]
[Date "2013.10.26"]
[Round "7"]
[White "Murray, Jim"]
[Black "Taylor, Mark V"]
[Result "0-1"]
[WhiteElo "1868"]
[BlackElo "2087"]
[PlyCount "72"]
[EventDate "2013.10.20"]
[EventType "swiss"]
[EventRounds "7"]

1. e4 c5 2. Nf3 Nc6 3. d4 cxd4 4. Nxd4 Nf6 5. Nc3 e5 6. Ndb5 d6 7. Bg5 a6 8.
Na3 b5 9. Nd5 Be7 10. Bxf6 Bxf6 11. c3 Bg5 12. Nc2 Rb8 13. Bd3 O-O 14. O-O Be6
15. Nde3 g6 16. a4 Ne7 17. axb5 axb5 18. Qe2 f5 19. Nb4 f4 20. Ned5 f3 21. Qc2
fxg2 22. Rfe1 Bh4 23. Re2 Rb7 24. Ne3 Kg7 25. Nxg2 Ng8 26. Nxh4 Qxh4 27. Re3
Rbf7 28. Rg3 Nh6 29. Rf1 Bh3 30. Re1 Ng4 31. Re2 Rxf2 32. Rxf2 Rxf2 33. Qxf2
Nxf2 34. Kxf2 Qf4+ 35. Rf3 Qd2+ 36. Kg1 Qg2# 0-1

[Event "Guernsey Open 2013"]
[Site "Guernsey GCI"]
[Date "2013.10.26"]
[Round "7"]
[White "Hoare, Amy"]
[Black "Havenaar, Jan"]
[Result "1/2-1/2"]
[WhiteElo "1930"]
[BlackElo "2072"]
[PlyCount "97"]
[EventDate "2013.10.20"]
[EventType "swiss"]
[EventRounds "7"]

1. e4 g6 2. d4 Bg7 3. Nc3 d6 4. Be3 a6 5. Qd2 Nd7 6. h4 h5 7. Nh3 b5 8. Ng5 Bb7
9. f3 c5 10. O-O-O Qc7 11. dxc5 Nxc5 12. Nd5 Qc6 13. Bd4 Bxd4 14. Qxd4 e5 15.
Qf2 f6 16. Nh3 Rc8 17. Bd3 Nd7 18. g4 Ne7 19. gxh5 gxh5 20. Rhg1 Qc5 21. Qxc5
Rxc5 22. Nxe7 Kxe7 23. Rg7+ Kd8 24. Rdg1 Rc8 25. Rf7 d5 26. Rgg7 Rc7 27. Nf2
Rf8 28. Re7 Re8 29. Ref7 Rf8 30. Re7 Re8 31. Rxe8+ Kxe8 32. Rh7 Kf8 33. exd5
Bxd5 34. Bf5 Bc6 35. Ne4 Rb7 36. Nd6 Rc7 37. Ne4 Rb7 38. Bxd7 Rxd7 39. Rxd7
Bxd7 40. Nxf6 Bc6 41. Nxh5 Bxf3 42. Ng3 a5 43. a3 Kg7 44. Kd2 Bd5 45. Kd3 Kg6
46. b3 Kf6 47. Ke3 Kg6 48. Kd3 Kf6 49. Ke3 1/2-1/2

[Event "Guernsey Open 2013"]
[Site "Guernsey GCI"]
[Date "2013.10.26"]
[Round "7"]
[White "Norman, Kenneth I"]
[Black "Schmitz, Manuela"]
[Result "1/2-1/2"]
[WhiteElo "2185"]
[BlackElo "2002"]
[PlyCount "65"]
[EventDate "2013.10.20"]
[EventType "swiss"]
[EventRounds "7"]

1. Nf3 Nf6 2. g3 e6 3. Bg2 Be7 4. O-O O-O 5. c4 d5 6. d4 b6 7. Nc3 Bb7 8. Ne5
Nbd7 9. Qa4 Nxe5 10. dxe5 Ne4 11. Nxe4 dxe4 12. Rd1 Qe8 13. Qc2 Rd8 14. Rxd8
Qxd8 15. Be3 Qa8 16. Rd1 Rd8 17. Rxd8+ Bxd8 18. c5 Be7 19. b4 Bd5 20. a4 bxc5
21. Bxc5 Qc6 22. a5 h6 23. e3 Bxc5 24. Qxc5 Qxc5 25. bxc5 Kf8 26. Bf1 Bc6 27.
Ba6 Ke7 28. Kf1 Kd7 29. Ke1 Ba4 30. Bb7 Bc6 31. Ba6 Bd5 32. Bb5+ Bc6 33. Ba6
1/2-1/2

[Event "Guernsey Open 2013"]
[Site "Guernsey GCI"]
[Date "2013.10.26"]
[Round "7"]
[White "Collier, David"]
[Black "Hickman, John"]
[Result "1/2-1/2"]
[WhiteElo "2074"]
[BlackElo "1986"]
[PlyCount "21"]
[EventDate "2013.10.20"]
[EventType "swiss"]
[EventRounds "7"]

1. d4 d6 2. Nf3 g6 3. e4 Nf6 4. Nc3 Bg7 5. Be2 O-O 6. O-O Bg4 7. Be3 Nc6 8. d5
Nb8 9. h3 Bxf3 10. Bxf3 c5 11. Qd2 1/2-1/2

[Event "Guernsey Open 2013"]
[Site "Guernsey GCI"]
[Date "2013.10.26"]
[Round "7"]
[White "Prins, Jan"]
[Black "Campbell, Ian"]
[Result "1/2-1/2"]
[WhiteElo "2064"]
[BlackElo "2004"]
[PlyCount "46"]
[EventDate "2013.10.20"]
[EventType "swiss"]
[EventRounds "7"]

1. d4 g6 2. g3 Bg7 3. Bg2 c6 4. c4 d5 5. cxd5 cxd5 6. Nc3 Nf6 7. Nf3 O-O 8. O-O
Nc6 9. Ne5 e6 10. Nxc6 bxc6 11. Na4 Nd7 12. f4 Ba6 13. Rf3 Rc8 14. Ra3 Bb5 15.
b4 a5 16. Rb1 Re8 17. Nc5 axb4 18. Rxb4 Nxc5 19. dxc5 e5 20. e3 exf4 21. gxf4
Qe7 22. Qc2 d4 23. Bd2 d3 1/2-1/2

[Event "Guernsey Open 2013"]
[Site "Guernsey GCI"]
[Date "2013.10.26"]
[Round "7"]
[White "Thurlow, Kevin J"]
[Black "Milnes, Anthony CP"]
[Result "1/2-1/2"]
[WhiteElo "2016"]
[BlackElo "2054"]
[PlyCount "30"]
[EventDate "2013.10.20"]
[EventType "swiss"]
[EventRounds "7"]

1. c4 f5 2. d4 Nf6 3. Nc3 e6 4. g3 Bb4 5. Bg2 O-O 6. e3 Bxc3+ 7. bxc3 d6 8. Ne2
e5 9. Qb3 Nc6 10. Ba3 Re8 11. Rd1 e4 12. O-O Na5 13. Qb4 b6 14. c5 d5 15. Qb1
Nc4 1/2-1/2

[Event "Guernsey Open 2013"]
[Site "Guernsey GCI"]
[Date "2013.10.26"]
[Round "7"]
[White "Downey, Keith"]
[Black "Riedener, Toni"]
[Result "1/2-1/2"]
[WhiteElo "1950"]
[BlackElo "2045"]
[PlyCount "36"]
[EventDate "2013.10.20"]
[EventType "swiss"]
[EventRounds "7"]

1. d4 d5 2. Nf3 c6 3. c4 Nf6 4. Qb3 e6 5. g3 Nbd7 6. Bg2 g6 7. O-O Bg7 8. Nbd2
O-O 9. Qc2 Re8 10. b3 e5 11. dxe5 Nxe5 12. Bb2 Bf5 13. Qc1 Nxf3+ 14. Bxf3 Bh3
15. Re1 dxc4 16. Nxc4 Rc8 17. Qc2 Qc7 18. Rad1 Rcd8 1/2-1/2

[Event "Guernsey Open 2013"]
[Site "Guernsey GCI"]
[Date "2013.10.26"]
[Round "7"]
[White "Hewson, Brian WR"]
[Black "Von Saldern, Ruediger"]
[Result "1/2-1/2"]
[WhiteElo "2034"]
[BlackElo "1962"]
[PlyCount "88"]
[EventDate "2013.10.20"]
[EventType "swiss"]
[EventRounds "7"]

1. d4 d5 2. Nf3 Nf6 3. c4 e6 4. e3 Be7 5. Nc3 O-O 6. Qc2 c6 7. b3 Nbd7 8. Bd3
Qc7 9. O-O dxc4 10. bxc4 e5 11. Bb2 exd4 12. exd4 Re8 13. Rfe1 Nf8 14. Ne4 Bg4
15. Ne5 Bh5 16. Ng3 Bg6 17. Nxg6 hxg6 18. Ne4 Rad8 19. Rad1 Nxe4 20. Bxe4 Bf6
21. Re3 Ne6 22. d5 Bxb2 23. Qxb2 Ng5 24. Bc2 Rxe3 25. fxe3 cxd5 26. cxd5 Qc5
27. Qb3 b6 28. Qd3 Ne6 29. Bb3 Qb4 30. h3 Nc5 31. Qc4 Qxc4 32. Bxc4 Rd6 33. Rd4
Kf8 34. Kf2 Ke7 35. Ke2 f6 36. Bd3 g5 37. Bf5 Kf7 38. g4 Ke7 39. Kf3 Rd8 40.
Kg3 Kd6 41. Rc4 Ke5 42. e4 Rh8 43. Kg2 Rd8 44. Kf3 Rh8 1/2-1/2

[Event "Guernsey Open 2013"]
[Site "Guernsey GCI"]
[Date "2013.10.26"]
[Round "7"]
[White "Canonne, Antoine"]
[Black "Burton, Ronnie"]
[Result "1/2-1/2"]
[WhiteElo "1970"]
[BlackElo "1993"]
[PlyCount "99"]
[EventDate "2013.10.20"]
[EventType "swiss"]
[EventRounds "7"]

1. e4 c5 2. Nc3 a6 3. f4 b5 4. d3 Bb7 5. Qe2 d6 6. Nf3 Nf6 7. g3 Qc7 8. Bg2 b4
9. Nd1 Nbd7 10. O-O e5 11. fxe5 dxe5 12. Ne3 g6 13. Nc4 Bg7 14. h3 O-O 15. Be3
Nh5 16. Bf2 a5 17. Nh4 Nb6 18. Ne3 Rac8 19. b3 a4 20. Bf3 Nf6 21. Ng4 h5 22.
Ne3 Rcd8 23. g4 hxg4 24. Nxg4 Nh5 25. Be3 Ng3 26. Qf2 Nxf1 27. Bxc5 Nd2 28.
Bxb6 Nxf3+ 29. Nxf3 Qc3 30. Rf1 Rc8 31. Qh4 f6 32. Nh6+ Bxh6 33. Qxh6 Rf7 34.
Ne1 Rh7 35. Qe3 Qc6 36. bxa4 Kg7 37. a5 Rch8 38. Rf3 Qd7 39. Ng2 Rxh3 40. Rxh3
Qxh3 41. Qc5 Qd7 42. Qxb4 Re8 43. Qe1 Qg4 44. a6 Qe6 45. Qa5 Ba8 46. Ne3 f5 47.
d4 exd4 48. Bxd4+ Kf7 49. exf5 gxf5 50. Qxf5+ 1/2-1/2

[Event "Guernsey Open 2013"]
[Site "Guernsey GCI"]
[Date "2013.10.26"]
[Round "7"]
[White "Joualt, Louis"]
[Black "Bolt, Graham"]
[Result "0-1"]
[WhiteElo "1917"]
[BlackElo "2026"]
[PlyCount "98"]
[EventDate "2013.10.20"]
[EventType "swiss"]
[EventRounds "7"]

1. e4 g6 2. d4 Bg7 3. Nc3 d6 4. f4 e6 5. Nf3 a6 6. a4 b6 7. Bc4 Ne7 8. O-O O-O
9. Bb3 Bb7 10. Be3 Nd7 11. Qd2 Nf6 12. d5 exd5 13. exd5 Qd7 14. Rae1 b5 15. Bd4
Nf5 16. axb5 axb5 17. Ne4 Nxd4 18. Nxf6+ Bxf6 19. Nxd4 Rae8 20. c3 Rxe1 21.
Rxe1 Re8 22. Nf3 Rxe1+ 23. Qxe1 Kg7 24. h3 Qf5 25. Qd2 Qe4 26. Kf2 h6 27. Qe3
Bxd5 28. Bxd5 Qxd5 29. g4 c5 30. g5 hxg5 31. fxg5 Be5 32. Nxe5 dxe5 33. h4 Qd6
34. Ke2 c4 35. Qf3 Qe6 36. Qb7 Qg4+ 37. Kf1 Qh3+ 38. Ke2 Qh2+ 39. Kf1 Qxb2 40.
Qe7 Qb1+ 41. Ke2 Qf5 42. Kd1 e4 43. Ke1 Qf4 44. Kd1 Qf3+ 45. Kc2 Qd3+ 46. Kb2
Qd2+ 47. Kb1 Qxc3 48. h5 gxh5 49. Qxe4 Qd3+ 0-1

[Event "Guernsey Open 2013"]
[Site "Guernsey GCI"]
[Date "2013.10.26"]
[Round "7"]
[White "Ippel, Cornelius J"]
[Black "Kraft, Karl H"]
[Result "1-0"]
[WhiteElo "1916"]
[BlackElo "2023"]
[PlyCount "79"]
[EventDate "2013.10.20"]
[EventType "swiss"]
[EventRounds "7"]

1. Nc3 e6 2. Nf3 Bb4 3. Ne4 f5 4. Ng3 Nf6 5. c3 Be7 6. Qc2 d5 7. d4 O-O 8. Bf4
c5 9. e3 Nc6 10. Bb5 Bd7 11. Bxc6 Bxc6 12. O-O Qe8 13. Be5 Nd7 14. a4 g5 15. h3
h5 16. b4 cxb4 17. cxb4 g4 18. b5 Bxb5 19. axb5 gxf3 20. gxf3 Nxe5 21. dxe5 h4
22. Ne2 Qxb5 23. Nd4 Qd7 24. f4 Rf7 25. Kh2 Bf8 26. Qe2 Rg7 27. Rg1 a6 28. Qh5
Qf7 29. Qh6 Re8 30. Rxg7+ Bxg7 31. Qxh4 Qe7 32. Qh5 Qf7 33. Qg5 Kh7 34. Qh4+
Bh6 35. Nf3 Qf8 36. Qh5 Re7 37. Rg1 Kh8 38. Nh4 Kh7 39. Rg6 b5 40. Nf3 1-0

[Event "Guernsey Open 2013"]
[Site "Guernsey GCI"]
[Date "2013.10.26"]
[Round "7"]
[White "Hermes, Geoff"]
[Black "Dennis, Nigel"]
[Result "1-0"]
[WhiteElo "1995"]
[BlackElo "1845"]
[PlyCount "89"]
[EventDate "2013.10.20"]
[EventType "swiss"]
[EventRounds "7"]

1. e4 c5 2. c3 d5 3. exd5 Qxd5 4. d4 cxd4 5. cxd4 e6 6. Nc3 Qd8 7. Nf3 Nf6 8.
Bf4 Nc6 9. Bb5 Be7 10. Ne5 Bd7 11. Nxd7 Qxd7 12. Qa4 O-O 13. Bxc6 Qxc6 14. Qxc6
bxc6 15. O-O Nd5 16. Nxd5 cxd5 17. Rac1 Rfc8 18. a3 Kf8 19. f3 Bf6 20. Bd6+ Ke8
21. Rxc8+ Rxc8 22. Bc5 a5 23. b4 axb4 24. axb4 Ra8 25. Rb1 Kd7 26. Kf2 Ra2+ 27.
Ke3 Kc6 28. b5+ Kb7 29. Kd3 Bd8 30. Kc3 Rxg2 31. Ra1 Bb6 32. Ra6 Bxc5 33. dxc5
Rg1 34. c6+ Kc7 35. Ra7+ Kb8 36. Rb7+ Kc8 37. Kb4 Rc1 38. Ka5 d4 39. Rxf7 d3
40. Kb6 Kd8 41. Rd7+ Kc8 42. Rxg7 Kd8 43. Rd7+ Ke8 44. Rxd3 h5 45. Kb7 1-0

[Event "Guernsey Open 2013"]
[Site "Guernsey GCI"]
[Date "2013.10.26"]
[Round "7"]
[White "Dijksterhuis, Rolf"]
[Black "Murray, Steve"]
[Result "1-0"]
[WhiteElo "1988"]
[BlackElo "1844"]
[PlyCount "47"]
[EventDate "2013.10.20"]
[EventType "swiss"]
[EventRounds "7"]

1. e4 c5 2. Nf3 d6 3. d4 cxd4 4. Nxd4 Nf6 5. Nc3 a6 6. Bc4 e6 7. Bb3 Nbd7 8.
Be3 Be7 9. f3 Nc5 10. Qd2 O-O 11. O-O-O Nxb3+ 12. axb3 Qc7 13. g4 b5 14. h4 Bb7
15. h5 d5 16. g5 b4 17. Na4 Nd7 18. g6 Rac8 19. h6 hxg6 20. hxg7 Kxg7 21. Bh6+
Kg8 22. Bf4 Bd6 23. Bxd6 Qxd6 24. Qh6 1-0

[Event "Guernsey Open 2013"]
[Site "Guernsey GCI"]
[Date "2013.10.26"]
[Round "7"]
[White "Morcom, Huw"]
[Black "Magnussen, Pal"]
[Result "0-1"]
[WhiteElo "1976"]
[BlackElo "1926"]
[PlyCount "62"]
[EventDate "2013.10.20"]
[EventType "swiss"]
[EventRounds "7"]

1. e4 e5 2. Nf3 Nc6 3. Bb5 f5 4. d3 fxe4 5. dxe4 d6 6. h3 Nf6 7. Qe2 Bd7 8. Nc3
Na5 9. Bd3 c5 10. Nd5 Be7 11. Bd2 Nc6 12. c3 Rc8 13. O-O O-O 14. Nxe7+ Qxe7 15.
Bc4+ Kh8 16. Rad1 Na5 17. Bd3 c4 18. Bc2 b5 19. Be3 Bc6 20. Bg5 Nb7 21. Nh4 Qf7
22. Rd2 h6 23. Bxf6 Qxf6 24. Nf5 Rcd8 25. Rfd1 Kh7 26. Qe3 Rd7 27. Qxa7 Nc5 28.
Qb6 Bxe4 29. Rxd6 Rxd6 30. Rxd6 Qxf5 31. Bxe4 Nxe4 0-1

[Event "Guernsey Open 2013"]
[Site "Guernsey GCI"]
[Date "2013.10.26"]
[Round "7"]
[White "Daly, Patrick"]
[Black "Rowe, Peter"]
[Result "1/2-1/2"]
[WhiteElo "1865"]
[BlackElo "1971"]
[PlyCount "37"]
[EventDate "2013.10.20"]
[EventType "swiss"]
[EventRounds "7"]

1. d4 d5 2. Nf3 Nf6 3. c3 c6 4. Bf4 Bf5 5. Nh4 Bxb1 6. Rxb1 Nh5 7. Bxb8 Rxb8 8.
e4 g6 9. e5 e6 10. Nf3 Ng7 11. Bd3 h5 12. Qc2 Nf5 13. O-O Bh6 14. b4 O-O 15.
Rfe1 Re8 16. a4 Qc7 17. h3 Qe7 18. Rb2 Rbc8 19. Qe2 1/2-1/2

[Event "Guernsey Open 2013"]
[Site "Guernsey GCI"]
[Date "2013.10.26"]
[Round "7"]
[White "Brookfield, Toby"]
[Black "Casiot, David"]
[Result "1-0"]
[WhiteElo "1892"]
[BlackElo "1979"]
[PlyCount "53"]
[EventDate "2013.10.20"]
[EventType "swiss"]
[EventRounds "7"]

1. e4 e5 2. f4 d5 3. exd5 e4 4. d3 Nf6 5. dxe4 Nxe4 6. Be3 Bd6 7. Nf3 O-O 8.
Bd3 Re8 9. O-O Qf6 10. Nbd2 Nc3 11. bxc3 Rxe3 12. Ne4 Rxe4 13. Bxe4 Nd7 14. Qe2
Nc5 15. Bd3 Bd7 16. Ne5 Ba4 17. Rae1 a6 18. Qh5 Nxd3 19. cxd3 g6 20. Qg5 Qg7
21. Ng4 Bb5 22. c4 Qd4+ 23. Kh1 Ba4 24. f5 Qxd3 25. Nh6+ Kf8 26. Qf6 Qxf1+ 27.
Rxf1 1-0

[Event "Guernsey Open 2013"]
[Site "Guernsey GCI"]
[Date "2013.10.26"]
[Round "7"]
[White "Kuenstler, Siegfried"]
[Black "Bakker, Joop"]
[Result "0-1"]
[WhiteElo "1885"]
[BlackElo "1971"]
[PlyCount "50"]
[EventDate "2013.10.20"]
[EventType "swiss"]
[EventRounds "7"]

1. e4 b6 2. d4 Bb7 3. f3 d5 4. e5 Qd7 5. Bd3 Ba6 6. Ne2 e6 7. O-O c5 8. c3 Bxd3
9. Qxd3 Ne7 10. Ng3 Nbc6 11. Be3 c4 12. Qc2 h5 13. h4 Ng6 14. Bg5 Be7 15. Nd2
Nxh4 16. Bxe7 Nxe7 17. Kf2 Nhf5 18. Nxf5 Nxf5 19. Rh1 h4 20. Nf1 Kf8 21. Ne3
Nxe3 22. Kxe3 Qe7 23. Qf2 Qg5+ 24. Ke2 Qf5 25. Rxh4 Qc2+ 0-1

[Event "Guernsey Open 2013"]
[Site "Guernsey GCI"]
[Date "2013.10.26"]
[Round "7"]
[White "De Kruif, Kees"]
[Black "Reutimann, Hans Peter"]
[Result "1-0"]
[WhiteElo "1930"]
[BlackElo "1830"]
[PlyCount "55"]
[EventDate "2013.10.20"]
[EventType "swiss"]
[EventRounds "7"]

1. c4 e5 2. g3 Nc6 3. Bg2 Nf6 4. Nc3 d6 5. e4 Be7 6. Nge2 O-O 7. O-O Kh8 8. d3
Ng8 9. f4 f5 10. fxe5 dxe5 11. Nd5 Nd4 12. Nxd4 exd4 13. exf5 c6 14. Nxe7 Qxe7
15. Be4 Nf6 16. Bg5 Qc5 17. Bxf6 gxf6 18. Qh5 Bd7 19. Rf4 Rg8 20. Raf1 Rg7 21.
Kh1 Qe5 22. Rh4 Rag8 23. Qh6 Be8 24. b4 Qe7 25. a3 Bd7 26. Bg2 Rg5 27. Bh3 Be8
28. Re4 1-0

[Event "Guernsey Open 2013"]
[Site "Guernsey GCI"]
[Date "2013.10.26"]
[Round "7"]
[White "Gravett, Alan D"]
[Black "Marley, Andrew"]
[Result "1/2-1/2"]
[WhiteElo "1868"]
[BlackElo "1905"]
[PlyCount "64"]
[EventDate "2013.10.20"]
[EventType "swiss"]
[EventRounds "7"]

1. g3 c5 2. c4 Nc6 3. Nc3 Nf6 4. Bg2 e6 5. Nf3 Be7 6. O-O O-O 7. Rb1 d5 8. cxd5
Nxd5 9. d3 Re8 10. a3 Nxc3 11. bxc3 e5 12. Be3 Qc7 13. Qa4 Bd7 14. Qc4 Na5 15.
Qa2 c4 16. d4 f6 17. dxe5 fxe5 18. Rfd1 Bc6 19. Bh3 Bf6 20. Qc2 Nb3 21. Bg5 e4
22. Bf4 Qa5 23. Nd4 Ba4 24. Nxb3 Bxb3 25. Rxb3 cxb3 26. Qxb3+ Kh8 27. Qxb7 Qh5
28. Bd7 Qxe2 29. Rb1 Rf8 30. Bd6 Bd4 31. cxd4 Qxf2+ 32. Kh1 Qf3+ 1/2-1/2

[Event "Guernsey Open 2013"]
[Site "Guernsey GCI"]
[Date "2013.10.26"]
[Round "7"]
[White "Fassaert, Desire JM"]
[Black "Lewicki, Pawel"]
[Result "0-1"]
[WhiteElo "1919"]
[BlackElo "1875"]
[PlyCount "68"]
[EventDate "2013.10.20"]
[EventType "swiss"]
[EventRounds "7"]

1. Nf3 d5 2. e3 c5 3. Bb5+ Bd7 4. Qe2 Nc6 5. O-O Qc7 6. d3 e6 7. e4 O-O-O 8. c3
f6 9. d4 g5 10. dxc5 dxe4 11. Qxe4 Bxc5 12. Be3 Bxe3 13. Qxe3 e5 14. Na3 Nge7
15. Rfd1 Bg4 16. Be2 Nd5 17. Qe4 f5 18. Qc2 Nf4 19. Rxd8+ Rxd8 20. Bf1 Ne6 21.
Ne1 e4 22. f3 exf3 23. gxf3 Qb6+ 24. Kh1 Ne5 25. fxg4 fxg4 26. Bg2 Nf4 27. Qf5+
Qe6 28. Qe4 Nxg2 29. Nxg2 g3 30. Ne3 Rd2 31. Qf5 Rxh2+ 32. Kg1 Qxf5 33. Nxf5
Ng4 34. Kf1 g2+ 0-1

[Event "Guernsey Open 2013"]
[Site "Guernsey GCI"]
[Date "2013.10.26"]
[Round "7"]
[White "Hawkins, J Nick"]
[Black "Kirk, Matthew"]
[Result "1/2-1/2"]
[WhiteElo "1981"]
[BlackElo "1740"]
[PlyCount "81"]
[EventDate "2013.10.20"]
[EventType "swiss"]
[EventRounds "7"]

1. e4 c6 2. d4 d5 3. Nc3 dxe4 4. Nxe4 Bf5 5. Ng3 Bg6 6. Nf3 Nd7 7. Bc4 e6 8.
O-O Be7 9. Re1 h6 10. Qe2 Qc7 11. Ne5 Nxe5 12. dxe5 O-O-O 13. f4 Bc5+ 14. Kh1
Ne7 15. Bb3 Nd5 16. Ne4 Bxe4 17. Qxe4 Qa5 18. c4 Nb4 19. Be3 Nd3 20. Re2 Bxe3
21. Qxe3 Qb6 22. Qxb6 axb6 23. g3 Rd4 24. a3 Rhd8 25. Rf1 g6 26. Ba2 Nc5 27.
Rff2 Nd3 28. Rf1 Nc5 29. Rc2 Ne4 30. Re1 Rd2 31. Re2 Rxc2 32. Rxc2 h5 33. Kg2
Rd3 34. Re2 Nd2 35. Kf2 Nb3 36. Bxb3 Rxb3 37. Rd2 Kc7 38. Ke2 h4 39. Kf2 hxg3+
40. hxg3 c5 41. Kg2 1/2-1/2

[Event "Guernsey International Open 2014"]
[Site "Guernsey GCI"]
[Date "2014.10.19"]
[Round "1"]
[White "Van der Wal, Robert"]
[Black "Rowe, Peter"]
[Result "1/2-1/2"]
[WhiteElo "2133"]
[BlackElo "1962"]
[PlyCount "43"]
[EventDate "2014.10.19"]
[EventType "swiss"]
[EventRounds "7"]

1. c4 d6 2. Nc3 e5 3. e3 f5 4. d4 Nd7 5. Be2 Ngf6 6. Nf3 Be7 7. O-O O-O 8. b3
c6 9. Bb2 exd4 10. exd4 Ne4 11. Bd3 d5 12. Re1 Ndf6 13. cxd5 cxd5 14. Ne5 Nxc3
15. Bxc3 Ne4 16. Bb2 Bb4 17. Re3 Be6 18. Rc1 Bd2 19. Rh3 f4 20. Qxd2 Bxh3 21.
Bxe4 dxe4 22. gxh3 1/2-1/2

[Event "Guernsey International Open 2014"]
[Site "Guernsey GCI"]
[Date "2014.10.19"]
[Round "1"]
[White "Maloberti, David"]
[Black "Stanners, Michael"]
[Result "1-0"]
[WhiteElo "2063"]
[BlackElo "1893"]
[PlyCount "61"]
[EventDate "2014.10.19"]
[EventType "swiss"]
[EventRounds "7"]

1. d4 d6 2. c4 Nf6 3. Nc3 c6 4. e4 Nbd7 5. f3 g6 6. Be3 Bg7 7. Qd2 Qc7 8. Nge2
a6 9. g4 b5 10. Ng3 h6 11. Be2 bxc4 12. Bxc4 Nb6 13. Be2 Be6 14. O-O Nc4 15.
Bxc4 Bxc4 16. Rf2 a5 17. b3 Ba6 18. Rc1 Qd8 19. Nce2 Rc8 20. h4 h5 21. g5 Nd7
22. f4 d5 23. f5 O-O 24. Nf4 dxe4 25. fxg6 f5 26. Ne6 Qe8 27. Nxh5 Qxg6 28.
Nhxg7 c5 29. h5 Qxg7 30. Nxg7 Kxg7 31. g6 1-0

[Event "Guernsey International Open 2014"]
[Site "Guernsey GCI"]
[Date "2014.10.19"]
[Round "1"]
[White "Ippel, Cornelius J"]
[Black "Taylor, Mark V"]
[Result "1/2-1/2"]
[WhiteElo "1891"]
[BlackElo "2061"]
[PlyCount "65"]
[EventDate "2014.10.19"]
[EventType "swiss"]
[EventRounds "7"]

1. Nc3 e6 2. e4 b6 3. d4 Bb7 4. Bd3 c5 5. Be3 cxd4 6. Bxd4 Nc6 7. Be3 Nf6 8. h3
Bb4 9. Nge2 O-O 10. O-O Rc8 11. a3 Be7 12. f4 d5 13. exd5 Nxd5 14. Nxd5 Qxd5
15. Nc3 Qd8 16. f5 Bg5 17. Qd2 Bxe3+ 18. Qxe3 Qd4 19. Qxd4 Nxd4 20. fxe6 fxe6
21. Rxf8+ Rxf8 22. Rf1 Rd8 23. Kh2 h6 24. Nd1 g5 25. Rf6 e5 26. Ne3 Ba8 27. c3
Nf3+ 28. gxf3 Rxd3 29. Nc4 Kg7 30. Rf7+ Kxf7 31. Nxe5+ Ke6 32. Nxd3 Bxf3 33.
Kg3 1/2-1/2

[Event "Guernsey International Open 2014"]
[Site "Guernsey GCI"]
[Date "2014.10.19"]
[Round "1"]
[White "Derrick, Neil"]
[Black "Goris, Ton"]
[Result "0-1"]
[WhiteElo "1833"]
[BlackElo "2039"]
[PlyCount "130"]
[EventDate "2014.10.19"]
[EventType "swiss"]
[EventRounds "7"]

1. d4 e6 2. c4 Nf6 3. Nc3 c5 4. e3 d5 5. Nf3 Nc6 6. Be2 Be7 7. O-O cxd4 8. exd4
O-O 9. Bg5 h6 10. Bf4 b6 11. Ne5 Bb7 12. Bf3 Nxe5 13. Bxe5 Ne4 14. cxd5 Nxc3
15. bxc3 Bxd5 16. Bxd5 Qxd5 17. Qb3 Rfc8 18. Qxd5 exd5 19. Rfe1 Ba3 20. Re3 Bb2
21. Rb1 Bxc3 22. g3 f6 23. Bd6 Bxd4 24. Rd3 Rc4 25. Rbd1 Rd8 26. Bf4 Bc5 27.
Rxd5 Rxd5 28. Rxd5 Ra4 29. Rd2 Kf7 30. Re2 g5 31. Bc7 Rc4 32. Bb8 Ra4 33. Kg2
f5 34. Kf3 a6 35. Ba7 Ra3+ 36. Kg2 Rc3 37. Bb8 Rc4 38. Be5 b5 39. f3 h5 40. Bb2
Bd4 41. Bxd4 Rxd4 42. Kf2 Rd5 43. Rc2 Ke6 44. Ke3 Kd6 45. h3 a5 46. f4 g4 47.
hxg4 hxg4 48. Rc3 b4 49. Rc8 Rc5 50. Rd8+ Ke7 51. Rd3 a4 52. Kd2 Ke6 53. Re3+
Kd5 54. Rd3+ Kc4 55. Kc2 Rb5 56. Re3 b3+ 57. axb3+ Rxb3 58. Re5 Rxg3 59. Rxf5
Rg2+ 60. Kb1 Rf2 61. Rf8 g3 62. Rc8+ Kb3 63. Rb8+ Ka3 64. Rc8 g2 65. Rc3+ Kb4
0-1

[Event "Guernsey International Open 2014"]
[Site "Guernsey GCI"]
[Date "2014.10.19"]
[Round "1"]
[White "Riedener, Toni"]
[Black "Van Veen, Wout"]
[Result "1/2-1/2"]
[WhiteElo "2039"]
[BlackElo "1835"]
[PlyCount "49"]
[EventDate "2014.10.19"]
[EventType "swiss"]
[EventRounds "7"]

1. d4 d5 2. c4 e6 3. Nc3 c5 4. cxd5 cxd4 5. Qxd4 Nc6 6. Qd1 exd5 7. e3 d4 8.
exd4 Qxd4 9. Be3 Qxd1+ 10. Rxd1 Bb4 11. Bb5 Nge7 12. Nge2 a6 13. Ba4 O-O 14.
O-O Bf5 15. a3 Ba5 16. b4 Bc7 17. Bf4 Bxf4 18. Nxf4 b5 19. Bb3 Rfd8 20. Ncd5
Rac8 21. Rfe1 Kf8 22. h3 Ng6 23. Nxg6+ hxg6 24. Ne3 Nd4 25. Nxf5 1/2-1/2

[Event "Guernsey International Open 2014"]
[Site "Guernsey GCI"]
[Date "2014.10.20"]
[Round "2"]
[White "Magnussen, Pal"]
[Black "Van der Wal, Robert"]
[Result "1/2-1/2"]
[WhiteElo "1952"]
[BlackElo "2133"]
[PlyCount "130"]
[EventDate "2014.10.19"]
[EventType "swiss"]
[EventRounds "7"]

1. e4 c6 2. d4 d5 3. Nc3 dxe4 4. Nxe4 Nf6 5. Ng3 g6 6. h3 Bg7 7. Nf3 O-O 8. Be2
c5 9. O-O cxd4 10. Nxd4 a6 11. c3 e5 12. Nf3 Qe7 13. Qc2 Rd8 14. Be3 Nd5 15.
Bg5 f6 16. Bd2 Nc6 17. c4 Nf4 18. Rfe1 Nb4 19. Bxb4 Qxb4 20. Bf1 Be6 21. a3 Qe7
22. c5 Bd5 23. Nd2 f5 24. b4 e4 25. Rac1 a5 26. Nc4 axb4 27. axb4 Be6 28. Rcd1
Nd5 29. Rxd5 Rxd5 30. Nb6 Ra3 31. Nxd5 Bxd5 32. Rd1 Ra2 33. Qc1 Bf7 34. Bc4 Ra1
35. Bxf7+ Kxf7 36. Qc4+ Qe6 37. Qxe6+ Kxe6 38. Rxa1 Bxa1 39. Ne2 Kd5 40. g4
fxg4 41. hxg4 Bb2 42. Kf1 Kc4 43. Ng3 Kd4 44. b5 Kxc5 45. Nxe4+ Kxb5 46. Ke2
Kc6 47. Kd3 Kd5 48. f4 b6 49. g5 Bg7 50. Nd2 b5 51. Nf1 h5 52. gxh6 Bxh6 53.
Ne3+ Kc5 54. Ke4 b4 55. Nd1 Kc4 56. f5 gxf5+ 57. Kxf5 Kb3 58. Ke4 Kc2 59. Nf2
b3 60. Nd3 Bf8 61. Kd4 Bc5+ 62. Kc4 Be3 63. Ne1+ Kb2 64. Nd3+ Ka2 65. Kc3 Bg5
1/2-1/2

[Event "Guernsey International Open 2014"]
[Site "Guernsey GCI"]
[Date "2014.10.20"]
[Round "2"]
[White "Stanners, Michael"]
[Black "Kraft, Karl"]
[Result "0-1"]
[WhiteElo "1893"]
[BlackElo "2004"]
[PlyCount "66"]
[EventDate "2014.10.19"]
[EventType "swiss"]
[EventRounds "7"]

1. d4 f5 2. Bg5 g6 3. Nc3 Bg7 4. e4 fxe4 5. Nxe4 d5 6. Nc5 b6 7. Nb3 Nh6 8. Bd3
Nf7 9. Bh4 O-O 10. Nf3 c5 11. Be2 Nc6 12. c3 c4 13. Nbd2 Bf5 14. O-O Qd7 15.
Bg3 Rad8 16. Nh4 e5 17. Nxf5 Qxf5 18. Qa4 Qd7 19. dxe5 Nfxe5 20. Nf3 Nd4 21.
Qd1 Nxe2+ 22. Qxe2 Nxf3+ 23. gxf3 Qf5 24. Rad1 Rfe8 25. Qd2 Qxf3 26. Rfe1 Rxe1+
27. Rxe1 Qf5 28. Qe2 b5 29. Qe7 Qd7 30. Qg5 Kf7 31. Rd1 Bf6 32. Qh6 Kg8 33. Bf4
Qg4+ 0-1